| 000 | 01581nam a2200397 c 4500 | ||
|---|---|---|---|
| 999 |
_c148439 _d148439 |
||
| 003 | BLK | ||
| 005 | 20240626165722.0 | ||
| 008 | 180410b bul|||||r ||||||| ||bul|| | ||
| 010 | _aKNG00154662000 | ||
| 020 | _a978-954-9499-87-2 | ||
| 040 | _aBLK | ||
| 041 |
_aBUL _cBUL |
||
| 072 | 7 |
_2bullib _aН34 _xПраво Н |
|
| 080 |
_aПомощни науки на наказателното право. Криминология. Криминалистика - Видове престъпници, анатомия, физиология на престъпниците _b343.9 _z343.9 |
||
| 100 | 1 |
_aГеоргиев, Людмил Руменов _eпърви автор _9260230 |
|
| 139 |
_aГеоргиев, Людмил Руменов _bГ 37 |
||
| 245 | 1 | 0 |
_aКазуси по криминалистика и по съдебни експертизи _cЛюдмил Руменов Георгиев. |
| 257 | _aBGR | ||
| 260 |
_bФенея _c2012 |
||
| 300 |
_a236 с. _c22 см |
||
| 380 | _a3 | ||
| 500 | _aЗа автора. - Библиогр. с. 227-231. | ||
| 650 | 4 |
_aКриминалистика _9159702 |
|
| 650 | 4 |
_aСъдебномедицински експертизи _9172941 |
|
| 653 | _aпрестъпления | ||
| 653 | _aкриминалистика | ||
| 653 | _aсъдебни експертизи | ||
| 659 | _aН | ||
| 852 | _aЦб 267700 | ||
| 856 | 4 | _qpdf | |
| 856 | 4 | _qpdf | |
| 942 |
_cKNG _n0 _07 |
||
| 944 |
_aCR _c11.12.2013 _lЦветелина Шанова _k30531 |
||
| 944 |
_aED _c25.09.2014 _lф / |
||
| 999 | _d148439 | ||